000 00539cam a2200169 4500
082 _a621.3841
_bTER
_cL-11, P-119
100 1 _aTerman, Frederick Emmons,
_941593
245 1 0 _aRadio engineer's handbook,
_cby Frederick Emmons Terman ...
250 _a1st ed.
260 _aNew York,
_aLondon,
_bMcGraw-Hill Book Company, inc.,
_c1943.
300 _axi, 1019 p. incl. illus., tables, diagrs.
_c23 cm.
526 _a0
_b0
_c0
_d621_384100000000000_TER
650 0 _aElectronics.
650 0 _aMCE
_9379
650 0 _aRadio.
942 _2ddc
_cBK
999 _c545896
_d545896